000 00681nam a2200193Ii 4500
003 JO-AjNU
008 230605s9999||||xx |||||||||||||| ||und||
040 _aJO-AjNU
_bara
_erda
_cJO-AjNU
041 _aara
050 1 4 _aHG203.3 .M33 1983
100 3 _aيونس، محمود/م.مشارك: عبد النعيم مبارك,
_eauthor
_921166
245 0 0 _aاقتصاديات النقود والصيرفة
264 3 1 _aالاسكندرية: مؤسسة شباب الجامعة، 1983
300 _a311ص
336 _atext
_btxt
_2rdacontent
337 _aunmediated
_bn
_2rdamedia
338 _avolume
_bnc
_2rdacarrier
650 4 _aالنقود- جوانب اقتصادية
_921167
999 _aA7307
_c10875
_d10875